Applied Physics for Engineers / (Record no. 168047)

MARC details
000 -LEADER
fixed length control field 00707nam a22002057a 4500
005 - DATE AND TIME OF LATEST TRANSACTION
control field 20190925161619.0
010 ## - LCCN (DPL NO)
LC control number ENG-126546
020 ## - INTERNATIONAL STANDARD BOOK NUMBER
Terms of availability 239.00
International Standard Book Number 9789389342062
035 ## - SYSTEM CONTROL NUMBER
System control number EN-110078
037 ## - SOURCE OF ACQUISITION
Source of stock number/acquisition DBAD/PUB
082 ## - DEWEY DECIMAL CLASSIFICATION NUMBER
Classification number 530
100 ## - MAIN ENTRY--PERSONAL NAME
Personal name Sharma, Shatindra
245 ## - TITLE STATEMENT
Title Applied Physics for Engineers /
Statement of responsibility, etc By Shatindra Sharma
260 ## - PUBLICATION, DISTRIBUTION, ETC. (IMPRINT)
Place of publication, distribution, etc Noida
Name of publisher, distributor, etc Pearson India education services pvt. ltd
Date of publication, distribution, etc 2020
270 ## - ADDRESS
City U.P
Address 15th floor,tower-b,world trade tower ,plot no. 1,bllock -c,sector 16 Noida
Postal code 201301
Electronic mail address companysecretary.india@pearson.com
Telephone number 04466540100
300 ## - PHYSICAL DESCRIPTION
Extent Various p.
Dimensions 23cm,(pbk)
500 ## - GENERAL NOTE
General note including index
700 ## - ADDED ENTRY--PERSONAL NAME
Personal name Sharma, Jyotsna
942 ## - ADDED ENTRY ELEMENTS (KOHA)
Source of classification or shelving scheme Dewey Decimal Classification
Item type English Books
Classification part 530
Call number suffix SHA
Holdings
Withdrawn status Lost status Not for loan Collection code Home library Current library Date acquired Source of acquisition Cost, normal purchase price Full call number Barcode Copy number Cost, replacement price Koha item type
      Non-fiction Ashok Vihar Ashok Vihar 25/09/2019 DBAD/PUB 239.00 530 SHA EN-110078 1 239.00 English Books

© Delhi Public Library
Hit Counter
free hit counter